Регионална библиотека "Любен Каравелов" - Русе

Cello Concerto / Rococo Variations (Запис номер 525054)

MARC детайли
000 -Лидер
Лидер 01305njm a2200301 a 4500
003 - Код на организацията, давaща контролен номер
Код на организацията, даваща контролен номер BLK
005 - Дата и час на последна редакция
Дата и час на последна редакция 20250115154249.0
007 - Фиксирано поле за физическо описани
Физическо описание sd bmmalaaahaa
008 - Елементи от данни с фиксирана дължина
Елементи с фиксирана дължина 221104b bu |||||s|||| 00| | bu d
028 ## - PUBLISHER NUMBER
Издателски номер SLPD 12868
040 ## - Източник на каталожния запис
Код на библиотеката BLK
041 ## - Код за език
Език на записа Унгарски
Език за КДБФ Други
080 ## - УДК
УДК текст Концерт за виолончело и оркестър
УДК код 785.6:787.3
УДК – определител (086.72)
УДК – код + определител 785.6:787.3(086.72)
100 1# - Редна дума - Автор
R(LIN) 9207
Автор Dvorak, Antonin
245 ## - Сведения за заглавието
Заглавие Cello Concerto / Rococo Variations
Авторска отговорност Antonin Dvorak; Budapest Festival Orchestra, dir. Ivan Fischer; cello Miklos Perenyi
260 ## - Област на издателските данни
Място на издаване Budapest
Име на издателя Hungaroton
Година на издаване 1989
9 (RLIN) 215466
300 ## - Физическа характеристика
Брой страници 1 грамофонна плоча, двустранна
Илюстрации 33 об/мин, стерео
Размер 30 см
380 ## - Жанр
Жанр Изкуство
500 ## - Общи забележки
Обща забележка Страна А<br/>H-Moll Gordonkaverseny Op. 104 / Concerto In B Minor For Cello And Orchestra<br/>Composed By – Antonín Dvorak<br/>A1 Allegro <br/>A2 Adagio Ma Non Troppo
500 ## - Общи забележки
Обща забележка Страна В<br/>B1 Finale. Allegro Moderato <br/>B2 Variations On A Rococo Theme For Cello And Orchestra
653 ## - Ключова дума – ненормативна
9 (RLIN) 189133
Ключови думи концерти
653 ## - Ключова дума – ненормативна
9 (RLIN) 183305
Ключови думи виолончело
852 ## - Местоположение
Сигнатура (форматна) Ф ІІ 7867
Отдел Хранилище
856 ## - Електронен адрес и достъп
Инструкция (цена за достъп) 0.00
Права за достъп disable
942 ## - АРТИКУЛИ
Вид на библиотечния документ Грамофонни плочи
Скрит в OPAC Не
944 ## - СЪЗДАВАНЕ И РЕДАКЦИЯ на ЗАПИСА
Дата на регистрацията/редакция Вася Ганчева
Служител, извършил регистрацията/редакцията 30549
Статус, дата на статуса Вася Ганчева
999 ## - СИСТЕМНИ КОНТРОЛНИ НОМЕРА
Koha biblionumber 525054
Koha biblioitemnumber 525054
999 ## - СИСТЕМНИ КОНТРОЛНИ НОМЕРА
Koha biblioitemnumber 525054
Наличности
Код за отписване Код за изгубен артикул Източник на класификационната схема Код за повреда Код за отдаване Артикулен № Име на библиотеката - собственик Име на библиотеката, в която се намира в момента Статус (Текущо местоположение) Дата на вписване в системата Местоположение - отдел Цена в лева Инвентарен номер Систематично азбучна сигнатура Баркод Цена в евро Служебен тип на артикула
  Не е изгубен Universal Decimal Classification Не е повреден ползва се в читалня 958319 Регионална библиотека "Любен Каравелов" Русе Регионална библиотека "Любен Каравелов" Русе Хранилище 2025-01-15 Основен фонд - ползва се само за читалня 6.00 18850 Ф ІІ 7867 900000112203 3.07 Грамофонни плочи
Vip Innovations Ltd, Rousse, Bulgaria 2025